Career Planning In The 21st Century (Record no. 790586)

MARC details
000 -LEADER
fixed length control field 00534nam a22002057a 4500
003 - CONTROL NUMBER IDENTIFIER
control field 330010
005 - DATE AND TIME OF LATEST TRANSACTION
control field 20260323090603.0
008 - FIXED-LENGTH DATA ELEMENTS--GENERAL INFORMATION
fixed length control field 251211b sa ||||| |||| 00| 0 eng d
020 ## - INTERNATIONAL STANDARD BOOK NUMBER
International Standard Book Number <a href="9780702171741">9780702171741</a>
Qualifying information (pbk)
040 ## - CATALOGING SOURCE
Transcribing agency 3228
041 ## - LANGUAGE CODE
Language English
082 #0 - DEWEY DECIMAL CLASSIFICATION NUMBER
Classification number 650.14 COET
942 ## - ADDED ENTRY ELEMENTS
Creator ID 190
Creator Name Dudu Mondlane
Modifier ID 209
Modifier Name Sizakele Vilanculo
100 ## - MAIN ENTRY--PERSONAL NAME
Personal name COETZEE MELINDE
245 ## - TITLE STATEMENT
Title Career Planning In The 21st Century
250 ## - EDITION STATEMENT
Edition statement 1st Ed.
260 ## - PUBLICATION, DISTRIBUTION, ETC.
Place of publication, distribution, etc. Cape Town
Name of publisher, distributor, etc. Juta & Co. Ltd
Date of publication, distribution, etc. 2006
300 ## - PHYSICAL DESCRIPTION
Extent vii, 88 pages
Dimensions 24 cm
942 ## - ADDED ENTRY ELEMENTS
Source of classification or shelving scheme Dewey Decimal Classification
item type Book
Holdings
Withdrawn status Lost status Source of classification or shelving scheme Damaged status Not for loan Collection code Home library Current library Shelving location Date acquired Total Checkouts Full call number Barcode Date last seen Price effective from item type
    Dewey Decimal Classification       Kamhlushwa Kamhlushwa   23.03.2026   650.14 COET 3322803179240 23.03.2026 23.03.2026 Book
    Dewey Decimal Classification     600: Technology & Applied Science Kanyamazane Kanyamazane Non Fiction 11.12.2025   650.14 COET 33228017339886 11.12.2025 11.12.2025 Book